=LDR 00000nam 2200000 4500 =001 INLIS000000000044545 =005 20131008110112 =008 ***********************************Ind** =035 ##$$0010-101300000002467 =041 ##$$a Ind =082 ##$$a 345.070 =090 ##$$a 345.070 ; Pen s =100 ##$$a Siregar, Bismar =245 ##$$a Penelitian Hukum Tentang Faktor-faktor penyebab kelambatan eksekusi putusan hakim =850 ##$$a NBPNMAT